[Event "Mittelrhein Verbandsliga-M 15/16"]
[Site "Nordrheinwestfalen"]
[Date "2016.04.10"]
[Round "10.5"]
[White "Hoerchens, Joern"]
[Black "Pister, Gottlieb"]
[Result "1/2-1/2"]
[WhiteElo "1745"]
[BlackElo "1753"]
[PlyCount "92"]
[EventDate "2015.09.06"]
[EventType "team-tourn"]
[EventRounds "11"]
[EventCountry "GER"]
[SourceTitle "EXT 2022"]
[Source "ChessBase"]
[SourceDate "2021.10.06"]
[SourceVersion "1"]
[SourceVersionDate "2021.10.06"]
[SourceQuality "1"]
[WhiteTeam "Dormagen SV"]
[BlackTeam "Koeln Longerich"]
[WhiteTeamCountry "GER"]
[BlackTeamCountry "GER"]

1. d4 d5 2. c4 e6 3. Nc3 Nf6 4. Bg5 Bb4 5. e3 0-0 6. Nf3 c5 7. cxd5 exd5 8. Be2 Bxc3+ 9. bxc3 h6 10. Bh4 Nbd7 11. 0-0 Qa5 12. c4 Ne4 13. Qc2 Qc3 14. Rac1 Qxc2 15. Rxc2 g5 16. Bg3 Nxg3 17. hxg3 cxd4 18. Nxd4 Nf6 19. Rb1 Rb8 20. Nc6 dxc4 21. Bxc4 Ra8 22. Ne7+ Kg7 23. Nxc8 b5 24. Rxb5 Raxc8 25. Rb7 Rb8 26. Rxb8 Rxb8 27. Bb3 Rb7 28. Kf1 Ne8 29. Rc6 Nc7 30. g4 Na8 31. Ke2 Nb6 32. g3 a5 33. f4 Nd7 34. Kf3 Ra7 35. a4 Nf6 36. Bc4 Nd7 37. Bb5 f6 38. Ra6 Rxa6 39. Bxa6 Kf7 40. Bb5 Nc5 41. e4 Ke6 42. Ke3 Kd6 43. Kd4 Ne6+ 44. Ke3 Nc5 45. Be8 Ne6 46. Bb5 Nc5 1/2-1/2

[Event "Mittelrhein Verbandsliga-M 15/16"]
[Site "Nordrheinwestfalen"]
[Date "2016.01.10"]
[Round "6.5"]
[White "Messerschmidt, Jens"]
[Black "Pister, Gottlieb"]
[Result "1-0"]
[WhiteElo "1875"]
[BlackElo "1753"]
[PlyCount "95"]
[EventDate "2015.09.06"]
[EventType "team-tourn"]
[EventRounds "11"]
[EventCountry "GER"]
[SourceTitle "EXT 2022"]
[Source "ChessBase"]
[SourceDate "2021.10.06"]
[SourceVersion "1"]
[SourceVersionDate "2021.10.06"]
[SourceQuality "1"]
[WhiteTeam "Koeln Muelheim"]
[BlackTeam "Koeln Longerich"]
[WhiteTeamCountry "GER"]
[BlackTeamCountry "GER"]

1. d4 d5 2. c4 e6 3. Nc3 Be7 4. Nf3 Nf6 5. e3 0-0 6. Bd3 dxc4 7. Bxc4 c5 8. 0-0 Nc6 9. a3 a6 10. dxc5 Bxc5 11. b4 Ba7 12. Bb2 b5 13. Be2 Qe7 14. Qb3 Bb7 15. a4 Qxb4 16. Qxb4 Nxb4 17. axb5 axb5 18. Nxb5 Bc5 19. Rfc1 Rxa1 20. Bxa1 Nd7 21. Ne5 Nxe5 22. Rxc5 Ned3 23. Rc7 Bd5 24. f3 f6 25. e4 Bb3 26. Nd4 Ba2 27. Bc3 Rd8 28. Rb7 Nf4 29. Rxb4 Rxd4 30. Bxd4 Nxe2+ 31. Kf2 Nxd4 32. Rxd4 e5 33. Rd7 Be6 34. Re7 Bf7 35. Ke3 Kf8 36. Ra7 g5 37. g3 Kg7 38. Kd3 h5 39. Kc3 Kg6 40. h4 gxh4 41. gxh4 Be6 42. Kb4 f5 43. Kc5 fxe4 44. fxe4 Kf6 45. Kd6 Bf5 46. exf5 Kxf5 47. Rh7 Kg4 48. Kxe5 1-0

[Event "Mittelrhein Verbandsliga-M 15/16"]
[Site "Nordrheinwestfalen"]
[Date "2015.12.13"]
[Round "5.5"]
[White "Pister, Gottlieb"]
[Black "Quabach, Juergen"]
[Result "1-0"]
[WhiteElo "1753"]
[BlackElo "1725"]
[PlyCount "58"]
[EventDate "2015.09.06"]
[EventType "team-tourn"]
[EventRounds "11"]
[EventCountry "GER"]
[SourceTitle "EXT 2022"]
[Source "ChessBase"]
[SourceDate "2021.10.06"]
[SourceVersion "1"]
[SourceVersionDate "2021.10.06"]
[SourceQuality "1"]
[WhiteTeam "Koeln Longerich"]
[BlackTeam "Gruenfeld"]
[WhiteTeamCountry "GER"]
[BlackTeamCountry "GER"]

1. e4 d6 2. d4 g6 3. Nc3 Bg7 4. Be3 Nd7 5. Be2 e6 6. f4 Ne7 7. Nf3 h6 8. Qd2 a6 9. h4 Nf6 10. 0-0-0 Ng4 11. Bg1 h5 12. Nh2 Nxh2 13. Rxh2 b5 14. g4 b4 15. Nb1 Bb7 16. e5 Nd5 17. c4 bxc3 18. Nxc3 hxg4 19. Nxd5 Bxd5 20. Bxg4 Rxh4 21. Qe2 Bxa2 22. Rxh4 Qxh4 23. Bf2 Qh2 24. Qe3 Rb8 25. Bf3 Rb3 26. Bc6+ Ke7 27. Qd2 Qh3 28. Qa5 Rb6 29. exd6+ Kxd6 1-0

[Event "Cologne Longerich op 8th"]
[Site "Cologne"]
[Date "2011.08.14"]
[Round "5"]
[White "Masalsky, Boris"]
[Black "Pister, Gottlieb"]
[Result "0-1"]
[WhiteElo "1477"]
[BlackElo "1833"]
[PlyCount "70"]
[EventDate "2011.08.12"]
[EventType "swiss"]
[EventRounds "5"]
[EventCountry "GER"]
[SourceTitle "CBM 144 Extra"]
[Source "ChessBase"]
[SourceDate "2011.10.28"]
[SourceVersion "1"]
[SourceVersionDate "2011.10.28"]
[SourceQuality "1"]

1. e4 e5 2. Nf3 Nc6 3. d4 exd4 4. Nxd4 Nf6 5. Nc3 Bc5 6. Be3 Nxd4 7. Bxd4 Bxd4 8. Qxd4 0-0 9. Be2 d6 10. 0-0 Re8 11. Rfe1 Bd7 12. Bc4 Be6 13. Bxe6 Rxe6 14. Rad1 Qe7 15. f3 c6 16. Qf2 Nh5 17. Kf1 b6 18. a3 Re8 19. Rc1 Rg6 20. Ne2 Qe5 21. g4 Nf6 22. c3 Nxg4 23. fxg4 Rf6 24. Ng3 Rxf2+ 25. Kxf2 Qf4+ 26. Kg2 Qxg4 27. Rcd1 h5 28. Kf2 Qf4+ 29. Kg2 h4 30. Nf5 h3+ 31. Kxh3 Qf3+ 32. Ng3 Re6 33. Kh4 Rh6+ 34. Kg5 Qf6+ 35. Kg4 Rh4# 0-1

[Event "Cologne Longerich op 8th"]
[Site "Cologne"]
[Date "2011.08.12"]
[Round "1"]
[White "Gottas, Mike"]
[Black "Pister, Gottlieb"]
[Result "1/2-1/2"]
[WhiteElo "1949"]
[BlackElo "1833"]
[PlyCount "143"]
[EventDate "2011.08.12"]
[EventType "swiss"]
[EventRounds "5"]
[EventCountry "GER"]
[SourceTitle "CBM 144 Extra"]
[Source "ChessBase"]
[SourceDate "2011.10.28"]
[SourceVersion "1"]
[SourceVersionDate "2011.10.28"]
[SourceQuality "1"]

1. d4 d5 2. Nf3 c6 3. c3 Nf6 4. Bf4 e6 5. e3 Bd6 6. Bg3 Qe7 7. Bd3 Nbd7 8. Nbd2 e5 9. dxe5 Nxe5 10. Nxe5 Bxe5 11. Nf3 Bxg3 12. hxg3 Bg4 13. Qa4 Ne4 14. Qd4 Qf6 15. Rh4 h5 16. Bxe4 Qxd4 17. Nxd4 dxe4 18. f3 g5 19. Rh2 exf3 20. gxf3 Bd7 21. 0-0-0 0-0-0 22. Rdh1 c5 23. Nb3 Bc6 24. Rxh5 Rxh5 25. Rxh5 Bxf3 26. Rxg5 Rd1+ 27. Kc2 b6 28. Nd2 Be2 29. c4 Rg1 30. Rg8+ Kc7 31. Re8 Bh5 32. Re7+ Kc6 33. Rxa7 Rxg3 34. Re7 Kd6 35. Ne4+ Kxe7 36. Nxg3 Bg6+ 37. Kc3 Kd6 38. b4 Ke5 39. bxc5 bxc5 40. a4 f6 41. Ne2 Be8 42. a5 Bc6 43. Nf4 Ke4 44. Ne6 Kxe3 45. Nxc5 f5 46. Ne6 Ba8 47. a6 Ke4 48. Nc5+ Ke5 49. Nd7+ Ke4 50. Nb6 Bc6 51. Nd5 Ke5 52. Ne7 Ba8 53. Kb4 Ke6 54. Ng6 Kd6 55. Kb5 Kc7 56. Nf4 Bc6+ 57. Kc5 Ba8 58. Ne6+ Kd7 59. Nd4 f4 60. Kb6 f3 61. Nc2 f2 62. Ne3 Bc6 63. Ka7 Kc7 64. c5 Bg2 65. Nd5+ Kc6 66. Ne3 Kc7 67. Nd5+ Kc6 68. Ne3 Kb5 69. Kb8 Kxa6 70. Kc7 Kb5 71. Kd6 Kb4 72. Ke5 1/2-1/2